00507nam a2200181 a 4500001001300000003000900013005001700022008004100039020001000080082001700090245005900107260004600166300000800212500003500220505001000255650003000265710003000295nice12345678IN_TiNIC20260116013817.0050524s1965 newa grp 000 0 eng  ac10000a230.41bLUT1 aRe-Examination of Lutheran and Reformed Traditions III aNew YorkbLutheran World Federationc1965 a56p aincludes index and biblioraphy2 aIndex aLutheran Church-Doctrines2 aLutheran World Federation